मर्दानी - अन्यायाविरूध्द ठामपणे उभी राहणारी आणि लढणारी सूर्यवंशीय पर्वतकन्या (Record no. 1343350)

MARC details
000 -LEADER
fixed length control field 01318nam a2200181Ia 4500
008 - FIXED-LENGTH DATA ELEMENTS--GENERAL INFORMATION
fixed length control field 151202s9999||||xx |||||||||||||| ||und||
082 ## - DEWEY DECIMAL CLASSIFICATION NUMBER
Item number PNVM-76691
100 ## - MAIN ENTRY--PERSONAL NAME
Personal name देशपांडे रमाकांत
245 ## - TITLE STATEMENT
Title मर्दानी - अन्यायाविरूध्द ठामपणे उभी राहणारी आणि लढणारी सूर्यवंशीय पर्वतकन्या
260 ## - PUBLICATION, DISTRIBUTION, ETC. (IMPRINT)
Name of publisher, distributor, etc "मनोरमा प्रकाशन 102/सी, माधववाडी,पहिला मजला,दादर (पूर्व) स्टेशनसमोर,दादर मुंबई-4000014.फ़ोन- 24148299"
260 ## - PUBLICATION, DISTRIBUTION, ETC. (IMPRINT)
Date of publication, distribution, etc 2015
300 ## - PHYSICAL DESCRIPTION
Extent 397
600 ## - SUBJECT ADDED ENTRY--PERSONAL NAME
Personal name देशपांडे रमाकांत
630 ## - SUBJECT ADDED ENTRY--UNIFORM TITLE
Uniform title मर्दानी - अन्यायाविरूध्द ठामपणे उभी राहणारी आणि लढणारी सूर्यवंशीय पर्वतकन्या
700 ## - ADDED ENTRY--PERSONAL NAME
Personal name देशपांडे रमाकांत
730 ## - ADDED ENTRY--UNIFORM TITLE
Uniform title मर्दानी - अन्यायाविरूध्द ठामपणे उभी राहणारी आणि लढणारी सूर्यवंशीय पर्वतकन्या
942 ## - ADDED ENTRY ELEMENTS (KOHA)
Koha item type Book
Holdings
Withdrawn status Lost status Damaged status Not for loan Home library Current library Date acquired Cost, normal purchase price Total Checkouts Full call number Barcode Date last seen Cost, replacement price Price effective from Koha item type
        Pune Nagar Vachan Mandir, Pune Pune Nagar Vachan Mandir, Pune 07/02/2015 400.00   PNVM-76691 PNVM-76691 12/02/2015 400.00 12/02/2015 Book